003250000a2200085000450024501140000004100130011470000200012710000170014777300750016410aChemical properties of special water drunk by wild spider monkeys (Ateles belzebuth) in La Macarena, Colombia0 aInglés1 aMizuno, Akinori1 aIzawa, Kosei1 tField Studies of Fauna and Flora La Macarena, Colombiaq38-46d1992g4